Linie tramwajowe w Bydgoszczy (live) - Statystyki

Ogólne statystyki
  • Ten quiz został rozwiązany 25 razy
  • Średni wynik to 18 z 20
Statystyki odpowiedzi
Hint Odpowiedź % Poprawnych
2 Bielawy
95%
4 Bielawy
95%
6 Bielawy
95%
11 Bielawy
95%
3 Łoskoń
95%
5 Łoskoń
95%
7 Łoskoń
95%
5 Rycerska
95%
8 Rycerska
95%
9 Rycerska
95%
3 Wilczak
95%
10 Wilczak
95%
7 Kapuściska
90%
2 Kapuściska
90%
8 Kapuściska
90%
10 Niepodległości
90%
11 Niepodległości
90%
4 Glinki
80%
9 Glinki
80%
6 Wyścigowa
65%
Nie znaleziono quizów pasujących do podanych kryteriów
Rozkład punktacji
Procent ludzi z każdym wynikiem
Percentyl według liczby udzielonych odpowiedzi
Twoja historia wyników
Nie rozwiązałeś tego quizu